[Event "RUS-chT 14th"]
[Site "Sochi"]
[Date "2007.05.10"]
[Round "9"]
[White "Smirnov, Pavel"]
[Black "Sakaev, Konstantin"]
[Result "1-0"]
[WhiteElo "2631"]
[BlackElo "2633"]
[Annotator "Ftacnik,L"]
[PlyCount "59"]
[EventDate "2007.05.02"]
[EventType "team-tourn"]
[EventRounds "9"]
[EventCountry "RUS"]
[SourceTitle "EXT 2020"]
[Source "ChessBase"]
[SourceDate "2019.10.17"]
[SourceVersion "1"]
[SourceVersionDate "2019.10.17"]
[SourceQuality "1"]
[WhiteTeam "Tomsk 400"]
[BlackTeam "Sverdlovsk Ural region"]
[WhiteTeamCountry "RUS"]
[BlackTeamCountry "RUS"]

1. e4 e5 2. Nf3 Nc6 3. Bb5 a6 4. Ba4 Nf6 5. O-O Bc5 6. c3 b5 7. Bb3 d6 8. a4
Bg4 9. axb5 axb5 10. Rxa8 Qxa8 11. h3 Bxf3 {Black has to be careful not to
underestimate problems in the line, that is slowly gaining popularity. His
queen is a bit misplaced and the king is still sitting in the centre.} (11...
Bh5 12. d3 O-O 13. Bg5 Nd7 (13... Qd8 14. g4 Bg6 15. Nh4 Qe7 16. Na3 Nd8 17.
Nxb5 c6 18. Na3 Ne6 19. Bxe6 fxe6 $16 20. Nc4 Be8 21. Ng2 Ba7 22. b4 {1/2
Sutovsky,E (2629)-Lahno,K (2456)/Gibraltar 2007/ (50)}) 14. g4 Bg6 15. Bd5 h6
16. b4 hxg5 17. bxc5 Nxc5 18. Nxg5 Qd8 19. Bxc6 Qxg5 20. Bxb5 f5 21. Bc4+ Kh7
22. exf5 Rxf5 23. h4 Qxh4 24. gxf5 Qg5+ 25. Kh2 Qh4+ {1/2 Sutovsky,E (2607)
-Onischuk,A (2668)/Montreal 2006/}) 12. Qxf3 O-O 13. d3 Qa1 $6 {Sakaev has got
caught up with the aggressive foray with the queen. Unfortunately in the event
of failure the lady will be critically misplaced.} (13... Na5 14. Bc2 b4 15.
Bg5 Qd8 16. d4 (16. Nd2 $5 h6 17. Bh4 Qe7 18. Ra1 Bb6) 16... b3 $1 (16... exd4
17. cxb4 Bxb4 18. Qd3 $44) 17. dxc5 (17. Bd3 exd4 18. cxd4 Bxd4 19. Qf5 Be5 20.
Bc1 Nd7 21. Nd2 Nc5 22. Bb1 Qf6 $17 {1/2 Jakovenko,D (2691)-Landa,K (2596)/
Dresden 2007/LF07_04 (45)}) 17... bxc2 18. Na3 Nb3 $1 19. cxd6 Qxd6 20. Nxc2
Nd2 21. Bxd2 Qxd2 22. Ne3 Qxb2 $11) 14. Qe2 $1 Na5 (14... Qxb1 $2 15. Bg5 $18)
15. Bc2 b4 (15... Bb6 16. b4 Nc6 17. Bb3 $1 h6 (17... Qxb1 $2 18. Bb2 $18) 18.
Bb2 Qa6 $14) 16. d4 $1 exd4 $2 {Not suspecting the level of danger Black
merrily accepts the gifts.} (16... Bb6 17. Bd3 h6 18. dxe5 dxe5 19. cxb4 Nc6
20. Na3 $16) 17. cxb4 Bxb4 18. e5 $1 {[%mdl 128] The key idea of the Smirnov's
attack: the diagonals are open for the white bishops and Black can only regret
the concentration of his forces on the queenside.} dxe5 (18... Nd5 19. Qe4 $18)
(18... Nd7 19. Qb5 Nxe5 20. Qxb4 d3 21. Qa4 $18) (18... Ne8 19. e6 $1 fxe6 20.
Qxe6+ Kh8 21. Qe7 Kg8 (21... Rg8 22. Qh4) 22. Bxh7+ Kxh7 23. Qxf8 Qxb1 24. Qxe8
$16) (18... Re8 19. Qb5 $18) 19. Bg5 Rb8 (19... Rd8 20. Bxf6 (20. f4 e4 21.
Bxe4 Qa2 $15) 20... gxf6 21. Nc3 Qxb2 22. Bxh7+ $16) (19... h5 20. Bxf6 gxf6
21. Nc3 Qxb2 22. Nd5 Kg7 23. Rb1 Qa2 24. Qe4 $18) 20. Bxf6 gxf6 21. Nc3 $1 Qxb2
$5 {The defender deserves credit for fighting as the queen move is more
challenging than the meek swap on f1.} (21... Qxf1+ 22. Kxf1 dxc3 23. bxc3 $18)
22. Nd5 $1 (22. Bxh7+ Kxh7 23. Qxb2 dxc3 24. Qc2+ Kg7 25. Qe4 $16) 22... Kf8 (
22... Bd6 23. Qe4 Kf8 (23... f5 24. Qxf5 d3 25. Bxd3 e4 26. Nf6+ Kf8 (26... Kg7
27. Qg5+ Kf8 28. Re1 $18) 27. Nd7+ Ke8 28. Nxb8 $18) 24. Qxh7 Ke8 25. Rb1 $18)
23. Nxf6 {It is more than symbolic that all the black pieces are on the a- and
b-files, while his king sits naked on the other side of the board.} d3 (23...
Rd8 24. Nxh7+ Kg8 (24... Ke7 25. Qxe5+ Kd7 26. Nf6+ $18) 25. Qg4+ Kh8 26. Qf5
$18) 24. Qxd3 e4 (24... Ke7 25. Nd5+ Kf8 26. Qxh7 e4 27. Rb1 $18) 25. Nxh7+ $1
Kg8 26. Qxe4 {White has more material and all the pluses of his position;
Black stands no chance of surviving.} Qg7 (26... Qc3 27. Rd1 Nc6 28. Ng5 $18)
27. Rb1 $1 c5 28. Qf4 Rd8 (28... Rb6 29. Rd1 $18) (28... Nc6 29. Nf6+ Kf8 30.
Qd6+ $18) 29. Nf6+ Kf8 30. Rxb4 $1 1-0

[Event "FIDE-Wch k.o."]
[Site "Moscow"]
[Date "2001.12.05"]
[Round "4.4"]
[White "Ponomariov, Ruslan"]
[Black "Morozevich, Alexander"]
[Result "1-0"]
[WhiteElo "2684"]
[BlackElo "2742"]
[Annotator "Ftacnik,L"]
[PlyCount "88"]
[EventDate "2001.11.27"]
[EventType "k.o."]
[EventRounds "7"]
[EventCountry "RUS"]
[SourceTitle "CBM 086"]
[Source "ChessBase"]
[SourceDate "2002.02.05"]
[SourceVersion "1"]
[SourceVersionDate "2002.02.05"]
[SourceQuality "1"]

1. e4 e5 2. Nf3 Nc6 3. Bb5 a6 4. Ba4 Nf6 5. O-O Bc5 6. c3 b5 7. Bb3 d6 8. a4
Bg4 9. h3 Bxf3 10. Qxf3 O-O 11. a5 Rb8 (11... Ne7 12. d3 Nd7 13. Nd2 Kh8 14.
Qe2 Ba7 15. Nf3 Nc5 16. Ba2 Ne6 17. g3 Qd7 18. Kg2 Rae8 19. Bd2 f5 20. exf5
Nxf5 21. Rae1 {1-0 Sulypa,A-Malaniuk,V/Donetsk/1998/ (36)}) 12. d3 (12. Ba2 Kh8
13. b4 Ba7 14. Re1 Nd7 15. Bb2 Ne7 16. d4 c5 17. Na3 exd4 18. cxd4 cxd4 19. Nc2
Ne5 20. Qg3 N7c6 21. Rad1 Qf6 22. Kh1 d3 {0-1 Ivanov,A-Kaufman,L/Parsippany/
2001 (41)}) 12... Nd7 13. Nd2 (13. Be3 Kh8 14. Nd2 Ne7 15. Bc2 Bxe3 16. fxe3 c5
17. Bb3 c4 18. dxc4 Nc5 19. cxb5 Nxb3 20. Nxb3 Rxb5 21. Qd1 Qc7 22. Ra4 Nc6 23.
Nd2 Nxa5 24. b4 {1/2-1/2 Kasparov,G-Anand,V/Wijk aan Zee/2001/ (37)}) 13... Kh8
14. Kh1 Ne7 15. Qe2 (15. Bxf7 $6 Nc6 16. Bd5 Rxf3 17. Nxf3 Qe7 (17... Na7 18.
Ng5 Qe7 19. Nf7+ Kg8 20. Nxe5+ Kf8 21. Nxd7+ Qxd7 22. d4 c6 23. Bb3 $11) 18.
Bxc6 Rf8 19. Bg5 $13) 15... h6 (15... f5 16. Nf3 Qe8 17. Ng5 $14) 16. f4 Ng6 (
16... exf4 17. d4 Ba7 18. Rxf4 f5 19. Bc2 Re8 20. Qd3 $14) 17. f5 $1 (17. fxe5
dxe5 18. Rxf7 Nf4 19. Qf1 Rxf7 20. Bxf7 Qf6 21. Ba2 Qd6 $132) 17... Nf4 (17...
Ne7 18. Nf3 $14) 18. Qf3 Nf6 (18... Qh4 19. Bc2 Nf6 20. Nb3 N6h5 21. Kh2 $16)
19. Bc2 g5 (19... d5 $5 20. Nb3 Bd6 21. Re1 dxe4 22. dxe4 Nd7 23. Be3 $14) 20.
fxg6 fxg6 21. Nb3 Nd7 $6 {This move is too sheepish, black had to believe in
the tactical potential of his pieces and play 21...Ba7!} (21... Ba7 $1 22. g3 (
22. Bxf4 Nh5 23. Bxe5+ dxe5 24. Qxf8+ Qxf8 25. Rxf8+ Rxf8 $44) 22... Nxh3 23.
Bxh6 Rf7 24. Kg2 Qd7 25. d4 Kh7 26. Bd2 Rbf8 27. Qe2 Ng4 $13) 22. Bxf4 $1 Rxf4
(22... exf4 23. d4 Ba7 24. Qg4 g5 25. Rae1 $14) 23. Qe2 Ba7 (23... Rxf1+ 24.
Rxf1 Ba7 25. Rf7 Qe8 26. Qf1 Kg8 27. Nd2 $1 $16) 24. Rxf4 exf4 25. Qg4 g5 26.
d4 Nf6 $6 (26... Qe7 27. Re1 (27. Qh5 Qh7 28. Rc1 Nf6 29. Qf3 Qe7 30. Re1 c5
$132) 27... Nf6 28. Qf5 Nh5 29. Qg6 Ng3+ 30. Kh2 Qg7 31. Qe6 $14) 27. Qe6 Qf8 (
27... Ng8 28. e5 Qe7 29. Qxe7 Nxe7 30. exd6 cxd6 31. Re1 $16) 28. e5 $1 {
[%mdl 32] Ponomariov greatly benefits from the miserable location of the Ba7,
on the other hand black king is vulnerable.} Nh5 (28... dxe5 29. Qxa6 $1 Ra8
30. dxe5 Nh5 31. Qg6 $18) 29. exd6 Qxd6 (29... cxd6 30. Qg6 Ng3+ 31. Kh2 Qg7
32. Qxd6 Re8 33. Qxa6 Re2 34. Bd3 Rxb2 35. Re1 $18) 30. Qxd6 cxd6 31. Re1 Rf8 (
31... Ng3+ 32. Kg1 h5 33. Re6 Rd8 34. Nd2 g4 35. hxg4 hxg4 36. Rh6+ Kg8 37.
Rg6+ $16) 32. Re7 Bb8 33. Nd2 Ng7 (33... Ng3+ 34. Kg1 Rc8 35. Nf1 $1 Nxf1 36.
Kxf1 Kg8 (36... b4 37. Bf5 Rf8 38. Bd3 $18) 37. Rb7 $18) (33... Nf6 34. Nf3 Re8
35. Rb7 Nd5 36. Bg6 Rc8 37. Be4 Nf6 38. Bd3 $16) 34. Nf3 Re8 35. Rb7 {All
white pieces are stronger then their counterparts, pawn a6 is doomed.} d5 (
35... Nh5 36. Bd3 Ng3+ 37. Kg1 $18) 36. Rb6 h5 (36... Ne6 37. Bg6 $18) 37. Bg6
$1 Rc8 38. Nxg5 f3 (38... b4 39. Bf7 Nf5 40. Be6 Ng3+ 41. Kg1 bxc3 42. bxc3 $18
) 39. gxf3 Bf4 40. h4 Bc1 41. Rxa6 Bxb2 42. Bf7 Ne8 (42... Nf5 43. Rf6 Nxh4 44.
Be6 Rxc3 45. Rf7 $18) 43. Rg6 Nc7 44. Rc6 $1 Ra8 1-0

[Event "Grand Slam Final 3rd"]
[Site "Bilbao"]
[Date "2010.10.14"]
[Round "5"]
[White "Carlsen, Magnus"]
[Black "Shirov, Alexei"]
[Result "1-0"]
[WhiteElo "2826"]
[BlackElo "2749"]
[Annotator "Ftacnik,L"]
[PlyCount "129"]
[EventDate "2010.10.09"]
[EventType "tourn"]
[EventRounds "6"]
[EventCountry "ESP"]
[EventCategory "22"]
[SourceTitle "CBM 139"]
[Source "ChessBase"]
[SourceDate "2010.11.18"]
[SourceVersion "1"]
[SourceVersionDate "2010.11.18"]
[SourceQuality "1"]

1. e4 e5 2. Nf3 Nc6 3. Bb5 a6 4. Ba4 Nf6 5. O-O b5 6. Bb3 Bc5 7. a4 Rb8 8. axb5
axb5 9. c3 d6 10. d4 Bb6 11. h3 O-O 12. Re1 h6 13. Na3 exd4 {The development
of the knight to the a3-square is rather unpleasant for Black, since the
defence of the b5-pawn requires some compromises.} (13... Re8 14. Nxb5 (14. d5
Ne7 15. Bc2 Ng6 16. b4 Bd7 17. Bd3 Nh5 18. Be3 Bxe3 19. fxe3 c6 20. Qc2 Nf6 21.
dxc6 Bxc6 22. Nb1 Qb6 $17 {1/2-1/2 Wieczorek,O (2316)-Debashish,D (2411)/
Chotowa 2010 (39)}) (14. dxe5 Nxe5 15. Nd4 c6 16. Bf4 Bd7 17. Nac2 Qc7 18. Ra6
Ng6 19. Qf3 Nxf4 20. Qxf4 Ra8 21. Rxa8 Rxa8 22. Nf5 Bxf5 23. exf5 $11 {0-1
Garcia Correa,J (2194)-Fenollar Jorda,M (2251)/Dos Hermanas 2004 (75)}) 14...
exd4 15. cxd4 Ba5 16. Nc3 Bxc3 17. bxc3 Nxe4 18. Bd5 Nxc3 19. Bxc6 Nxd1 20.
Rxe8+ Qxe8 21. Bxe8 Bb7 22. Bd7 {1-0 Houard,Y (2123)-Goldsztejn,G (2374)/Saint
Affrique 2008 (34)}) (13... Ba7 14. Nxb5 Rxb5 15. Ba4 Ra5 16. b4 Nxb4 17. cxb4
Ra6 18. b5 Rb6 19. dxe5 dxe5 20. Ba3 Re8 21. Bc5 Rb7 22. b6 Bxb6 23. Bxb6 Rxb6
24. Bxe8 Qxe8 25. Ra5 $16 {1-0 Wieczorek,O (2125)-Golinski,D (1828)/Wroclaw
2007 (64)}) 14. cxd4 Na5 (14... Ba5 15. Re3 d5 16. Ne5 (16. e5 $1 Ne4 17. Qe2
$16) 16... Nxe5 17. dxe5 Nxe4 18. Bxd5 Be6 19. Rd3 Bxd5 20. Rxd5 Qh4 21. Qf3
Bb6 22. Be3 c6 23. Rd7 Ng5 24. Bxg5 Qxg5 25. Re1 Rbe8 26. Qxc6 Qf5 $11 {
0-1 Dimitrijevic,A (2369)-Fontaine,R (2529)/Novi Sad 2003 (32)}) (14... d5 15.
exd5 (15. e5 Ne4 16. Be3 Na5 17. Bc2 b4 18. Nb1 f5 19. Bd2 Qe7 20. Ra4 Nc6 21.
Bb3 Be6 22. Be3 g5 23. Qc1 Qd7 24. Nbd2 f4 25. Nxe4 dxe4 26. d5 fxe3 27. dxe6 {
1/2-1/2 Luque,W (2077)-Salas Arros,C (2412)/Callao 2007 (32)} exf2+ 28. Kh2 Qe7
29. Rxe4 Nd4 $19) 15... Nxd5 16. Nxb5 Bf5 (16... Ba5 17. Na7 $16) 17. Ra4 $16)
15. Bc2 b4 16. Nb5 $5 $146 {The knights of both players are currently the main
heroes of the opening. The location of the knight on b5 seems to be rather
shaky.} (16. Nb1 c5 17. dxc5 dxc5 18. Bf4 Qxd1 19. Rxd1 {1/2-1/2 Istratescu,A 
(2602)-Sofronie,I (2436)/Niort 2004}) 16... Ba6 (16... c6 $2 17. Nxd6 Qxd6 18.
e5 $16) 17. Na7 (17. Bd3 Ra8 18. Bf4 Qd7 (18... d5 19. e5 Nh5 20. Bc1 $14) 19.
Qe2 Rfe8 $11) 17... Bb7 (17... Bxa7 18. Rxa5 Qc8 19. e5 $16) 18. d5 Ra8 19. Nb5
{The biggest crisis is over, since the knight has got the retreat route via
the d4-square.} Nc4 (19... Re8 20. Nbd4 Nc4 21. Rxa8 Qxa8 22. b3 Ne5 $11) 20.
Rxa8 Qxa8 21. Nbd4 {[%mdl 128] Carlsen will now concentrate on the clear and
very dangerous plan of transferring the pieces to the kingside for the direct
attack.} (21. Qe2 Qa2 22. Bd3 Ne5 23. Nxe5 dxe5 24. Bc4 Qa5 25. b3 $14) 21...
Qa7 22. b3 Ne5 23. Bb2 Nxf3+ (23... Qa2 24. Qc1 Nxf3+ 25. Nxf3 (25. gxf3 $5)
25... Nd7 26. Nd4 $14) 24. gxf3 Qa2 25. Qc1 Bxd4 {Shirov has clearly realised,
that the position has become very dangerous for him. The half open g-file will
be an ideal ramp for maximizing White's pressure.} (25... Nd7 26. Kh1 Ne5 27.
Rg1 $16) 26. Bxd4 Nd7 27. Kh1 $1 f6 28. Rg1 Rf7 (28... Ne5 29. Qxh6 Rf7 30. Bd1
Ba6 31. Qe3 $16) 29. Qd2 $1 {White is now threatening to trap the queen and
after its retreat the liquidation of the h6-pawn.} (29. Bd1 Qa5 30. Qxh6 c5 31.
dxc6 Bxc6 32. Qf4 $16) 29... Qa8 (29... Ne5 30. Ra1 Nxf3 31. Qd1 $18) 30. Qxh6
Ne5 31. Bd1 Qe8 32. Qe3 {The immediate advance of the pawn centre was a bit
more radical, but Carlsen is taking into account his form and plays more
cautiously.} (32. f4 Nd7 33. Qg6 c5 34. Bb2 Re7 35. Qf5 $16) 32... c5 33. Bb2 (
33. dxc6 Qe6 $1 34. Kh2 Nxc6 35. Bb6 $1 d5 36. exd5 Qxd5 37. f4 Ne7 38. Bg4 $16
) 33... Re7 $2 {Shirov has been clearly aware of the fact, that his position
is in basically lost. Much better was to try for the counterplay with the
advance of the c-pawn.} (33... c4 $5 34. Bd4 cxb3 35. Qxb3 Qb5 36. Kh2 $16) 34.
f4 $1 Nd7 35. Qg3 Qf7 36. Bf3 (36. Bg4 Nf8 37. f3 $16) 36... Ba6 37. Bg4 Nf8
38. Bf5 c4 39. bxc4 Bxc4 40. Qh4 {An objectively stronger solution was not to
part with the d5-pawn, but the direct attack does not spoil the game.} (40. Kh2
$5 Rc7 41. Qh4 Be2 42. Bxf6 Qh5 43. Qxh5 Bxh5 44. e5 $18) 40... Bxd5 41. f3 $1
(41. exd5 Qxd5+ 42. Kh2 Qxf5 $15) 41... Be6 42. Bxf6 Bxf5 (42... Rd7 43. Rxg7+
Qxg7 44. Bxg7 $18) 43. exf5 $1 {Several forceful and logical moves have
decided the game even though White had to accept a somewhat curious pawn
structure.} (43. Bxe7 $6 Ng6 44. Qh5 Nxe7 45. Qxf7+ Kxf7 46. exf5 $16) (43.
Rxg7+ Qxg7 44. Bxg7 Rxg7 45. exf5 b3 46. Qd8 $18) 43... Rc7 44. Rxg7+ Qxg7 45.
Bxg7 Rxg7 46. f6 {The most exact solution lay in the immediate attack on the
black pawns with the white queen.} (46. Qe1 $1 Rf7 (46... Rb7 47. Qe4 $18) 47.
Qxb4 Rxf5 48. Qxd6 $18) (46. Qf6 Rf7 47. Qxd6 Rxf5 48. Kh2 $18) 46... Rd7 47.
Qe1 d5 (47... b3 48. Qc3 $18) 48. Qxb4 d4 49. Qc4+ Kh7 50. Qd3+ Kg8 51. f5 {
After blockading the advance of the d-pawn Carlsen will enlist his own king
for the active service.} Kf7 52. Kg2 Kxf6 53. Kg3 Kg7 54. h4 Nh7 55. Kf2 (55.
h5 Nf6 56. Qd2 Ng8 57. Qe2 d3 58. Qe6 $18) 55... Nf6 56. Qd2 $1 Nh7 {The
knight is forced to remain extremely passive, otherwise White wins in a direct
attack.} (56... d3 57. Qg5+ Kf7 58. Qg6+ Ke7 59. Qg7+ Ke8 60. Qxf6 d2 61. Qe6+
Kd8 62. Qxd7+ Kxd7 63. Ke2 $18) 57. Ke1 d3 58. Qg2+ Kh8 59. Kd2 Nf8 60. Qg5 Kh7
(60... Nh7 61. Qe3 Nf8 62. h5 $18) 61. h5 Kh8 62. f6 Kh7 63. f4 Kh8 64. h6 Kh7
65. f5 {A charming and original zugzwang position. Black has no moves, thus he
admitted his defeat.} (65. f5 Kh8 66. Qg7+ Rxg7 67. fxg7+ Kg8 68. gxf8=Q+ Kxf8
69. Kxd3 $18) 1-0

[Event "EU-ch 8th"]
[Site "Dresden"]
[Date "2007.04.07"]
[Round "5"]
[White "Timofeev, Artyom"]
[Black "Halkias, Stelios"]
[Result "1-0"]
[WhiteElo "2663"]
[BlackElo "2583"]
[Annotator "Ftacnik,L"]
[PlyCount "82"]
[EventDate "2007.04.03"]
[EventType "swiss"]
[EventRounds "11"]
[EventCountry "GER"]
[SourceTitle "CBM 118"]
[Source "ChessBase"]
[SourceDate "2007.05.31"]
[SourceVersion "1"]
[SourceVersionDate "2007.05.31"]
[SourceQuality "1"]

1. e4 e5 2. Nf3 Nc6 3. Bb5 a6 4. Ba4 Nf6 5. O-O b5 6. Bb3 Bc5 7. c3 d6 8. a4
Rb8 9. d4 Bb6 10. a5 Ba7 11. h3 O-O 12. Be3 exd4 13. cxd4 Nxe4 {Due to the
very dubious location of his bishop on a7, Black is trying to compensate with
the risky grab of the central pawn.} 14. Qc2 Qe8 15. Nc3 Nf6 16. Rfe1 Qd7 17.
Ne4 {With the first independent move Timofeev is focusing on the only defender
of the kingside.} (17. d5 Nb4 18. Qd2 Bxe3 19. Rxe3 Bb7 20. Nh4 c5 21. dxc6
Nxc6 22. Rg3 Ne8 23. Re1 Kh8 24. Qg5 h6 25. Qf4 Ne5 26. Ng6+ Nxg6 27. Rxg6 $14
{1/2 Smirnov,P (2621)-Kazhgaleyev,M (2579)/Moscow 2007/ (33)}) 17... Nxe4 (
17... Ne8 18. d5 Nb4 19. Qd2 Bxe3 20. Rxe3 c5 21. dxc6 Nxc6 22. Rc1 $16) 18.
Qxe4 Ne7 $6 {Halkis is playing with fire, the transfer of the knight to the
kingside does not solve all the problems.} (18... Re8 $1 19. Qh4 (19. Bxf7+
Qxf7 20. Qxc6 Bb7 21. Qc3 Rbc8 22. Nd2 Qd5 $17) 19... d5 20. Bc2 f5 21. g4 Re4
$1 $13) 19. Ng5 Ng6 (19... g6 20. Qh4 h5 21. Ne4 Nf5 22. Qg5 Kh8 23. g4 $18)
20. Bd5 c5 21. Bf4 (21. dxc5 Bxc5 22. b4 Bxe3 23. Rxe3 Bb7 24. Rd1 $11) 21...
cxd4 $2 {The defender is obviously pushing his luck, since the white pieces
were very unpleasant in any case.} (21... Bb7 22. Bxb7 Rbe8 (22... Rxb7 23.
Bxd6) (22... Rfe8 23. Qc6 Qxc6 24. Bxc6 Rxe1+ 25. Rxe1 Nxf4 26. Re7 h6 27. Nf3
Rc8 28. Bb7 Kf8 29. Rd7 Re8 30. Bxa6 $16) 23. Qc2 h6 (23... Qxb7 24. Bxd6 Rxe1+
25. Rxe1 Rc8 26. Re7 Qd5 27. Rxa7 Qxg5 28. dxc5 $16) 24. Bd5 hxg5 25. Bxg5 Ne7
$14) 22. Nxf7 $1 Rxf7 (22... Bb7 23. Ne5+ $18) 23. Qe8+ Nf8 (23... Qxe8 24.
Rxe8+ Nf8 25. Bxd6 Be6 26. Rxe6 $16) 24. Bxd6 $1 Qxe8 (24... Qxd6 25. Qxf7+ Kh8
26. Qg8#) 25. Rxe8 Be6 (25... Bb7 26. Bxf7+ Kxf7 27. Re7+ Kf6 28. Bxb8 Kxe7 29.
Bxa7 $18) 26. Rxe6 $1 {[%mdl 64] Very pleasing culmination of White's tactical
combination. The attacker is succeeding in liquidating all his opponent's
active pieces.} Nxe6 (26... Kh8 27. Bxb8 Bxb8 28. Re8 $18) 27. Bxb8 (27. Bxe6
Re8 28. Rc1 g6 29. Bd5 Kg7 30. Bxf7 Kxf7 31. Rc7+ Ke6 32. Rxa7 Kxd6 $13) 27...
Bxb8 28. Bxe6 Kf8 (28... Be5 29. Re1 Bf6 30. Rc1 Kf8 31. Bxf7 Kxf7 32. Rc6 d3
33. Rxa6 Ke7 34. Kf1 $18) 29. Bxf7 Kxf7 30. Rc1 {Halkias doesn't even have a
pawn for the lost exchange. In the long run, his resistance is simply hopeless.
} Ke6 (30... d3 31. Kf1 d2 32. Rd1 Bf4 33. g3 Bh6 34. f4 g5 35. Rxd2 $18) 31.
Rc6+ Kd5 32. Rxa6 d3 (32... Kc5) 33. Kf1 Be5 34. Rb6 Kc5 (34... d2 35. Ke2 Bc7
36. Rxb5+ Kc6 37. a6 $18) 35. Rb7 Kc6 36. a6 {The pawn on the a-file can not
be stopped, the battle is over..} Bd4 37. b3 Bc3 (37... h6 38. Rf7 g5 39. a7
$18) 38. Rb8 (38. Re7 Bd4 39. a7 $18) 38... Bd4 39. Rd8 Bb6 40. Rxd3 b4 41. f4
g6 1-0

[Event "Najdorf Memorial 12th"]
[Site "Buenos Aires"]
[Date "2001.09.07"]
[Round "4"]
[White "Ricardi, Pablo"]
[Black "Milos, Gilberto"]
[Result "1-0"]
[WhiteElo "2545"]
[BlackElo "2614"]
[Annotator "Ftacnik,L"]
[PlyCount "55"]
[EventDate "2001.09.04"]
[EventType "tourn"]
[EventRounds "9"]
[EventCountry "ARG"]
[EventCategory "14"]
[SourceTitle "CBM 085"]
[Source "ChessBase"]
[SourceDate "2001.11.13"]
[SourceVersion "1"]
[SourceVersionDate "2001.11.13"]
[SourceQuality "1"]

1. e4 e5 2. Nf3 Nc6 3. Bb5 a6 4. Ba4 Nf6 5. O-O Bc5 6. c3 b5 7. Bc2 d6 8. d4
Bb6 9. a4 Bg4 10. axb5 axb5 11. Rxa8 Qxa8 12. h3 Bh5 13. d5 Na7 14. Na3 (14.
Bg5 Nd7 15. Na3 O-O 16. Qe2 Rb8 17. Rd1 Qb7 18. b4 c5 19. dxc6 Qxc6 20. Qd3 Bc7
21. g4 Bg6 22. Nh4 {1-0 Hracek,Z-Slobodjan,R/Lippstadt/2000/ (27)}) 14... c6
15. Bg5 {[%mdl 4] The whole variation is rather dubious for black indicated
also by the Hracek's quick win over Slobodjan.} Bd8 (15... cxd5 16. Bxf6 dxe4
17. Bxg7 Rg8 18. Qxd6 Rxg7 19. Qxe5+ Kf8 20. Nh4 $18) 16. dxc6 Qxc6 17. Bxf6
Bxf3 (17... Bxf6 18. Nxe5 $5 Qxc3 $1 (18... Bxd1 19. Nxc6 Bxc2 20. Nxa7 Bxe4
21. Re1 d5 22. f3 b4 23. N3b5 $18) 19. Nxf7 Bxd1 20. bxc3 Kxf7 21. Rxd1 Bxc3
22. Rxd6 $16) 18. Qxf3 Bxf6 19. Bb3 O-O (19... Qd7 20. Nc2 $16) 20. Nc2 Nc8 (
20... Qc5 21. Rd1 Bg5 (21... Nc6 22. Rd5) 22. Nb4 $16) 21. Nb4 Qb7 $6 {In a
critical position it is advisable to strive for exact moves, but this
unfortunate retreat of the queen only speeds up Milos road to oblivion.} (21...
Qc5 22. Nd5 (22. Bd5 Nb6 23. Ra1 $16) 22... Bd8 23. Ra1 Nb6 24. Nxb6 Qxb6 (
24... Bxb6 $2 25. Qxf7+ $1 Rxf7 26. Ra8+ $18) 25. Ra8 $16) 22. Ra1 Bd8 (22...
Nb6 23. Qd3 Qd7 24. Ra5 $18) 23. Bd5 Qc7 (23... Qb6 24. Ra6 $16) 24. Nc6 Kh8 (
24... Nb6 25. Ra7 $18) 25. Ra8 f5 (25... f6 26. Qd3 Nb6 27. Ra7 Qc8 28. Qxb5
$18) 26. Nxd8 Rxd8 (26... Qxd8 27. Be6 fxe4 28. Qxf8+ Qxf8 29. Rxc8 $18) 27.
Qxf5 Nb6 $2 (27... h6 28. Qf7 Ne7 29. Rxd8+ Qxd8 30. Be6 $18) 28. Qf8+ 1-0